Countries With Buildings Taller than Mountains - Statistics

General Stats
  • This quiz has been taken 18,667 times
  • The average score is 6 of 10
Answer Stats
Building Country Mountain % Correct
301 m Qatar 109 m
77%
284 m Singapore 164 m
77%
170 m Monaco 161 m
70%
270 m Bahrain 122 m
69%
137 m Vatican City 75 m
69%
413 m Kuwait 291 m
65%
100 m Maldives 5 m
58%
16 m Tuvalu 5 m
52%
93 m Bahamas 63 m
48%
15 m Marshall Islands 10 m
45%
No matching quizzes found
Score Distribution
Percent of People with Each Score
Percentile by Number Answered
Your Score History
You have not taken this quiz